Mixed Word: Queen Songs Quiz Stats

 Plays Quiz Updated Jul 21, 2019

Score 0/20 Timer 04:00
5 Plays Today
Scrambled Song Unscrambled Song % Correct
EW LWLI CROK OYUWE WILL ROCK YOU
98%
EW REA HET HANCOPSMIWE ARE THE CHAMPIONS
93.3%
I TWAN OT KBAER EFREI WANT TO BREAK FREE
91.3%
TNDO TPOS EM WONDON'T STOP ME NOW
91.2%
RKLIEL ENEUQKILLER QUEEN
90.1%
HABIMEON HYDPRSAOBOHEMIAN RHAPSODY
90.1%
TAF OTEBMODT SGILRFAT BOTTOMED GIRLS
90%
DAROI AG AGRADIO GA GA
89.7%
A IDNK FO IGMCAA KIND OF MAGIC
89.5%
VEOL FO YM FLIELOVE OF MY LIFE
87.8%
Scrambled Song Unscrambled Song % Correct
LPYA EHT MAGEPLAY THE GAME
85.1%
NOEARTH NEO TEBSI EHT STUDANOTHER ONE BITES THE DUST
84.1%
THE HSWO SMUT OG NOTHE SHOW MUST GO ON
83.5%
OMDSOBYE OT VLEOSOMEBODY TO LOVE
83.2%
RUEOY YM SBET DRFNIEYOU'RE MY BEST FRIEND
77.9%
ICLBEYC REACBICYCLE RACE
75.1%
DUNRE RERPUSESUNDER PRESSURE
63.1%
EHT RMEICALTHE MIRACLE
51.5%
VEENS ESSA FO YERHSEVEN SEAS OF RHYE
48%
NNDINEOUINNUENDO
37.7%

You're not logged in!

Compare scores with friends on all Sporcle quizzes.
OR
Log In

Sporcle TV

Today on Sporcle TV


Watch our educational content, quiz creation guides, and fun videos on Sporcle TV.

Show Comments

Extras

Top Quizzes Today


Score Distribution

Your Account Isn't Verified!

In order to create a playlist on Sporcle, you need to verify the email address you used during registration. Go to your Sporcle Settings to finish the process.

Report this User

Report this user for behavior that violates our Community Guidelines.

Details: